<?xml version="1.0" encoding="UTF-8"?>
<record
    xmlns:xsi="http://www.w3.org/2001/XMLSchema-instance"
    xsi:schemaLocation="http://www.loc.gov/MARC21/slim http://www.loc.gov/standards/marcxml/schema/MARC21slim.xsd"
    xmlns="http://www.loc.gov/MARC21/slim">

  <leader>02049nam a2200313   4500</leader>
  <controlfield tag="001">316</controlfield>
  <controlfield tag="003">OSt</controlfield>
  <controlfield tag="005">20250326090921.0</controlfield>
  <controlfield tag="008">250325b        |||||||| |||| 00| 0 eng d</controlfield>
  <datafield tag="040" ind1=" " ind2=" ">
    <subfield code="b">por</subfield>
  </datafield>
  <datafield tag="041" ind1=" " ind2=" ">
    <subfield code="h">ger</subfield>
    <subfield code="a">por</subfield>
  </datafield>
  <datafield tag="082" ind1=" " ind2=" ">
    <subfield code="a">142</subfield>
    <subfield code="b">K16c</subfield>
  </datafield>
  <datafield tag="100" ind1=" " ind2=" ">
    <subfield code="a">Kant, Immanuel</subfield>
    <subfield code="d">1724 - 1804</subfield>
    <subfield code="9">3</subfield>
  </datafield>
  <datafield tag="240" ind1=" " ind2=" ">
    <subfield code="a">KRITIK DER REINEN VERNUNFT</subfield>
  </datafield>
  <datafield tag="245" ind1=" " ind2=" ">
    <subfield code="a">Cr&#xED;tica da raz&#xE3;o pura / </subfield>
    <subfield code="c">Kant, Immanuel ; </subfield>
  </datafield>
  <datafield tag="260" ind1=" " ind2=" ">
    <subfield code="a">Esp&#xED;rito Santo</subfield>
    <subfield code="b">Formar</subfield>
    <subfield code="c">1978</subfield>
  </datafield>
  <datafield tag="300" ind1=" " ind2=" ">
    <subfield code="a">172 p.</subfield>
  </datafield>
  <datafield tag="490" ind1="1" ind2=" ">
    <subfield code="a">Grandes Mestres do Pensamento</subfield>
    <subfield code="v">Livro 5</subfield>
  </datafield>
  <datafield tag="500" ind1=" " ind2=" ">
    <subfield code="a">Volume 5 da Cole&#xE7;&#xE3;o "Grande Mestres do Pensamentos".</subfield>
  </datafield>
  <datafield tag="520" ind1=" " ind2=" ">
    <subfield code="a"> O livro busca investigar os limites e as possibilidades do conhecimento humano, estabelecendo as bases do idealismo transcendental.

Kant distingue dois tipos de conhecimento:

A priori (independente da experi&#xEA;ncia)

A posteriori (derivado da experi&#xEA;ncia)

Ele argumenta que nossa mente estrutura a experi&#xEA;ncia por meio de formas puras da intui&#xE7;&#xE3;o sens&#xED;vel (espa&#xE7;o e tempo) e das categorias do entendimento (como causalidade e subst&#xE2;ncia). Assim, nosso conhecimento &#xE9; condicionado por esses elementos, tornando imposs&#xED;vel conhecer a "coisa em si" (noumeno), apenas os fen&#xF4;menos, que s&#xE3;o a realidade conforme aparece para n&#xF3;s.

A obra critica tanto o racionalismo (que confia na raz&#xE3;o pura para conhecer a realidade) quanto o empirismo (que sustenta que todo conhecimento vem da experi&#xEA;ncia). Kant busca uma s&#xED;ntese entre esses extremos, mostrando que a raz&#xE3;o tem limites e n&#xE3;o pode, por si s&#xF3;, provar a exist&#xEA;ncia de Deus, da alma ou da liberdade.

O impacto da Cr&#xED;tica da Raz&#xE3;o Pura foi enorme, influenciando toda a filosofia posterior, especialmente o idealismo alem&#xE3;o, e estabelecendo os fundamentos da epistemologia moderna.</subfield>
  </datafield>
  <datafield tag="650" ind1=" " ind2="0">
    <subfield code="a">Literatura Alem&#xE3;</subfield>
    <subfield code="9">365</subfield>
  </datafield>
  <datafield tag="650" ind1=" " ind2="0">
    <subfield code="a">Empirismo </subfield>
    <subfield code="9">632</subfield>
  </datafield>
  <datafield tag="650" ind1=" " ind2="0">
    <subfield code="a">Racionalismo </subfield>
    <subfield code="9">631</subfield>
  </datafield>
  <datafield tag="650" ind1=" " ind2="0">
    <subfield code="a">Filosofia </subfield>
    <subfield code="9">4</subfield>
  </datafield>
  <datafield tag="655" ind1=" " ind2="0">
    <subfield code="a">N&#xE3;o Fic&#xE7;&#xE3;o</subfield>
    <subfield code="9">102</subfield>
  </datafield>
  <datafield tag="655" ind1=" " ind2="0">
    <subfield code="a">Ensaio</subfield>
    <subfield code="9">417</subfield>
  </datafield>
  <datafield tag="830" ind1=" " ind2=" ">
    <subfield code="a">Grandes Mestres do Pensamento</subfield>
    <subfield code="v">vol. 5</subfield>
    <subfield code="9">596</subfield>
  </datafield>
  <datafield tag="942" ind1=" " ind2=" ">
    <subfield code="2">ddc</subfield>
    <subfield code="n">0</subfield>
    <subfield code="c">BK</subfield>
  </datafield>
  <datafield tag="952" ind1=" " ind2=" ">
    <subfield code="0">0</subfield>
    <subfield code="1">0</subfield>
    <subfield code="2">ddc</subfield>
    <subfield code="4">0</subfield>
    <subfield code="7">0</subfield>
    <subfield code="8">NFIC</subfield>
    <subfield code="a">BIBIB</subfield>
    <subfield code="b">BIBIB</subfield>
    <subfield code="c">PF</subfield>
    <subfield code="d">2025-03-25</subfield>
    <subfield code="e">doa&#xE7;&#xE3;o</subfield>
    <subfield code="l">0</subfield>
    <subfield code="o">142 / K16c</subfield>
    <subfield code="p">2025-17269</subfield>
    <subfield code="r">2025-03-25 10:06:02</subfield>
    <subfield code="w">2025-03-25</subfield>
    <subfield code="y">BK</subfield>
  </datafield>
  <datafield tag="999" ind1=" " ind2=" ">
    <subfield code="c">316</subfield>
    <subfield code="d">316</subfield>
  </datafield>
</record>
